000 00414nam a2200133Ia 4500
008 231129s9999||||xx |||||||||||||| ||spa||
020 _a958-664-004-3
040 _bspa
082 _a986.102 A949e
100 _aAvellaneda Navas Jose Ignacio
245 0 _aLa expedicion de Alonso Luis de Lugo al Nuevo Reino de Granada
264 _aBanco de la Republica
942 _2ddc
_cBKS
999 _c17082
_d17082